[Event "Lindores Abbey Tal Blitz 2021"]
[Site "Riga"]
[Date "2021.11.08"]
[Round "12.56"]
[White "Vantika Agrawal"]
[Black "Atalik, Ekaterina"]
[Result "1-0"]
[WhiteElo "2329"]
[BlackElo "2430"]
[Annotator "NA"]
[PlyCount "99"]
[EventDate "2021.11.02"]
[EventType "swiss"]
[EventCountry "LAT"]
[SourceTitle "playchess.com"]
[Source "ChessBase"]
[SourceQuality "1"]

1. d4 d5 2. c4 c6 3. Nf3 e6 4. g3 dxc4 5. Bg2 Nd7 6. O-O Ngf6 7. a4 a5 8. Qc2
Nb6 9. Nbd2 Nfd5 10. Nxc4 Nb4 11. Qb3 Nxc4 12. Qxc4 Be7 13. Ne5 O-O 14. Rd1 Bf6
15. Bf4 Nd5 16. Bd2 Qc7 17. Nf3 Be7 18. e4 Nb4 19. Bf4 Bd6 20. Bxd6 Qxd6 21. e5
Qe7 22. h4 Bd7 23. Ng5 b5 24. Qe2 bxa4 25. Qe4 g6 26. Qe2 Rab8 27. Rxa4 c5 28.
Rxa5 cxd4 29. Ne4 d3 30. Qe3 Bc6 31. Nf6+ Kg7 32. Ra7 Rb7 33. Rxb7 Bxb7 34. Qa7
Ra8 35. Qxb7 Qxb7 36. Bxb7 Ra5 37. f4 Ra2 38. Rd2 Ra1+ 39. Kf2 Rc1 40. Be4 Rc2
41. Ke3 Rc1 42. Bxd3 h6 43. Be4 Rc8 44. Rd4 Rb8 45. Rd2 Na6 46. h5 g5 47. fxg5
hxg5 48. h6+ Kh8 49. Rd7 Rb3+ 50. Bd3 1-0

[Event "Lindores Abbey Tal Blitz 2021"]
[Site "Riga"]
[Date "2021.11.08"]
[Round "12.57"]
[White "Bivol, Alina"]
[Black "Garifullina, Leya"]
[Result "0-1"]
[WhiteElo "2377"]
[BlackElo "2416"]
[Annotator "NA"]
[PlyCount "74"]
[EventDate "2021.11.02"]
[EventType "swiss"]
[EventCountry "LAT"]
[SourceTitle "playchess.com"]
[Source "ChessBase"]
[SourceQuality "1"]

1. e4 c5 2. Nf3 d6 3. Bb5+ Bd7 4. Bxd7+ Qxd7 5. O-O Nf6 6. Re1 Nc6 7. c3 e6 8.
d4 cxd4 9. cxd4 d5 10. e5 Ne4 11. a3 Be7 12. Nbd2 Nxd2 13. Bxd2 O-O 14. Rc1
Rac8 15. Rc3 Rc7 16. Rd3 Rfc8 17. h4 Bf8 18. Nh2 Ne7 19. h5 h6 20. g4 Qb5 21.
Bc3 a5 22. Rg3 a4 23. Qf3 Qb3 24. Qf4 Qc2 25. Rg2 Qh7 26. Nf3 g5 27. hxg6 Nxg6
28. Qh2 Be7 29. Rg3 Rxc3 30. bxc3 Rxc3 31. Rh3 Qg7 32. Kg2 Bxa3 33. Rxh6 Bc1
34. Rxc1 Rxc1 35. Ng5 Ne7 36. Qh5 Ng6 37. Rh7 Nf4+ 0-1

[Event "Lindores Abbey Tal Blitz 2021"]
[Site "Riga"]
[Date "2021.11.08"]
[Round "12.58"]
[White "Maltsevskaya, Aleksandra"]
[Black "Melia, Salome"]
[Result "0-1"]
[WhiteElo "2411"]
[BlackElo "2371"]
[Annotator "NA"]
[PlyCount "130"]
[EventDate "2021.11.02"]
[EventType "swiss"]
[EventCountry "LAT"]
[SourceTitle "playchess.com"]
[Source "ChessBase"]
[SourceQuality "1"]

1. Nf3 Nf6 2. g3 c5 3. Bg2 Nc6 4. d4 cxd4 5. Nxd4 g6 6. O-O Bg7 7. c4 O-O 8.
Nc2 d6 9. Nc3 Be6 10. Nd5 Nd7 11. Rb1 a5 12. b3 Nc5 13. Be3 Bxd5 14. Qxd5 e6
15. Qd2 Qc7 16. Rfd1 Rfd8 17. Na3 Na7 18. Rbc1 Rab8 19. Nb5 Nxb5 20. cxb5 b6
21. Bc6 Qe7 22. Bg5 Bf6 23. Bf4 Be5 24. Rc4 Bxf4 25. Rxf4 d5 26. Rh4 h5 27. Qh6
Ne4 28. Qe3 Qc5 29. Qf3 Qe7 30. Qe3 Qc5 31. Qxc5 Nxc5 32. Rhd4 Kg7 33. f3 Rh8
34. h4 Kf6 35. Kf2 Ke7 36. Rb1 f6 37. a3 g5 38. b4 axb4 39. Rdxb4 Kd6 40. a4 e5
41. Rd1 d4 42. e3 Ne6 43. Be4 gxh4 44. gxh4 Kc5 45. Rb2 dxe3+ 46. Kxe3 Nd4 47.
Rbb1 Rhg8 48. Rbc1+ Kb4 49. Rb1+ Ka5 50. Rxd4 exd4+ 51. Kxd4 Rbd8+ 52. Ke3 Kxa4
53. Kf4 Rg2 54. Kf5 Rh2 55. Kxf6 Rxh4 56. Kg5 Rh2 57. f4 h4 58. f5 h3 59. f6
Re2 60. Bf5 h2 61. Ra1+ Kb4 62. Rb1+ Kc5 63. f7 Rg2+ 64. Kf6 Rg1 65. Ke7 Rh8
0-1

[Event "Lindores Abbey Tal Blitz 2021"]
[Site "Riga"]
[Date "2021.11.08"]
[Round "12.59"]
[White "Budisavljevic, Luka"]
[Black "Martynov, Aleksandr"]
[Result "1-0"]
[WhiteElo "2511"]
[BlackElo "1648"]
[Annotator "ChessBase"]
[PlyCount "74"]
[EventDate "2021.11.02"]
[EventType "swiss"]
[EventCountry "LAT"]
[SourceTitle "playchess.com"]
[Source "ChessBase"]
[SourceQuality "1"]

1. d4 Nf6 2. Nf3 b6 3. Bf4 Bb7 4. e3 e6 5. Bd3 Be7 6. h3 O-O 7. O-O c5 8. c3
Nc6 9. Nbd2 d5 10. Ne5 cxd4 11. exd4 Rc8 12. Qf3 g6 13. Rae1 Nxe5 14. Bxe5 Nd7
15. Bf4 Bf6 16. Qg3 Bg7 17. h4 Nf6 18. Qh3 Qd7 19. Nf3 Ne4 20. h5 Rcd8 21. h6
Bf6 22. Ne5 Qe7 23. Ng4 Bh8 24. Qe3 Nd6 25. Bg5 f6 26. Bf4 Bc8 27. Qg3 Qd7 28.
Ne3 Ne4 29. Bxe4 dxe4 30. Ng4 Ba6 31. Qh3 Bxf1 32. Kxf1 Qd5 33. Ne3 Qxa2 34. c4
f5 35. Be5 Rxd4 36. Bxd4 Bxd4 37. Qh4 Bxe3 1-0

[Event "Lindores Abbey Tal Blitz 2021"]
[Site "Riga"]
[Date "2021.11.08"]
[Round "12.60"]
[White "Zawadzka, Jolanta"]
[Black "Golsta, Madara"]
[Result "1-0"]
[WhiteElo "2429"]
[BlackElo "2003"]
[Annotator "NA"]
[PlyCount "113"]
[EventDate "2021.11.02"]
[EventType "swiss"]
[EventCountry "LAT"]
[SourceTitle "playchess.com"]
[Source "ChessBase"]
[SourceQuality "1"]

1. e4 c5 2. Nf3 d6 3. d4 cxd4 4. Nxd4 Nf6 5. f3 g6 6. c4 Bg7 7. Nc3 Nc6 8. Be3
O-O 9. Be2 Bd7 10. O-O Nxd4 11. Bxd4 a5 12. Qd2 Bc6 13. Rab1 Nd7 14. Be3 Nc5
15. b3 Be5 16. Rfd1 e6 17. Bf1 Qh4 18. g3 Qh5 19. Bg2 f5 20. exf5 gxf5 21. Rf1
Rf7 22. Ne2 Rg7 23. Bf4 Qf7 24. Rbd1 h5 25. Qe3 Nd7 26. Kh1 h4 27. Rg1 hxg3 28.
Nxg3 Rxg3 29. Bxg3 Bxg3 30. Qg5+ Qg7 31. Qxg3 Qxg3 32. hxg3 Kf7 33. Rge1 Rh8+
34. Kg1 Ke7 35. f4 Bxg2 36. Kxg2 Nf6 37. Rh1 Rg8 38. Kf3 Rg7 39. Rh4 e5 40.
fxe5 dxe5 41. Rh8 Ne4 42. Rg1 Nd2+ 43. Ke3 Ne4 44. g4 Nd6 45. g5 f4+ 46. Kf3
Ke6 47. Rh6+ Ke7 48. g6 Kf6 49. Rh7 Rxg6 50. Rxg6+ Kxg6 51. Rd7 Nf5 52. Rxb7
Kg5 53. c5 Ng3 54. c6 e4+ 55. Kg2 Kg4 56. Rg7+ Kf5 57. c7 1-0

[Event "Lindores Abbey Tal Blitz 2021"]
[Site "Riga"]
[Date "2021.11.08"]
[Round "13.2"]
[White "Onyshchuk, Volodymyr"]
[Black "Caruana, Fabiano"]
[Result "0-1"]
[WhiteElo "2622"]
[BlackElo "2791"]
[Annotator "TA"]
[PlyCount "178"]
[EventDate "2021.11.02"]
[EventType "swiss"]
[EventCountry "LAT"]
[SourceTitle "playchess.com"]
[Source "ChessBase"]
[SourceQuality "1"]

1. e4 e5 2. Nf3 Nc6 3. Bc4 Bc5 4. c3 Nf6 5. d3 d6 6. Nbd2 h6 7. Bb3 O-O 8. O-O
Re8 9. h3 Be6 10. Ba4 Bb6 11. Re1 Bd7 12. Bc2 Ne7 13. d4 Ng6 14. Nc4 Nh7 15. a4
a6 16. Nxb6 cxb6 17. dxe5 dxe5 18. Be3 b5 19. a5 Bc6 20. Qxd8 Raxd8 21. Bb6 Rd7
22. Rad1 Rxd1 23. Rxd1 Nf6 24. Nd2 Re7 25. f3 Rd7 26. g3 Nf8 27. Kf2 Ne6 28. h4
g5 29. Be3 Kg7 30. Nb3 Rxd1 31. Bxd1 g4 32. Nd2 gxf3 33. Bxf3 h5 34. Ke2 Kg6
35. b4 Ng4 36. Bg1 f5 37. Bxg4 hxg4 38. exf5+ Kxf5 39. Be3 Ng7 40. Bf2 Bd5 41.
Kd3 Ke6 42. Ke2 Nf5 43. Kd3 Bc6 44. Ke2 Kd5 45. Kd3 Be8 46. Nf1 Ke6 47. Ne3 Nh6
48. Kd2 Bc6 49. c4 bxc4 50. Nxc4 Kd5 51. Nb2 Ke4 52. Nc4 Kf3 53. Be3 Nf7 54. h5
Kxg3 55. h6 Be4 56. Ke1 Kf3 57. Bc1 Bh7 58. Nd2+ Kg2 59. Nc4 g3 60. Ke2 Kh2 61.
Nd2 e4 62. Nf1+ Kh3 63. Be3 g2 64. Nd2 Nxh6 65. Bg1 Ng4 66. Nc4 Nh2 67. Nd2 Bg6
68. Ke3 Nf1+ 69. Ke2 Bh5+ 70. Ke1 Ng3 71. Kf2 Be8 72. Ke3 Nf1+ 73. Ke2 Bb5+ 74.
Ke1 e3 75. Ne4 Kg4 76. Nc3 Kf3 77. Nd5 Bc6 78. Nc3 Ng3 79. Nd1 Nf5 80. Nc3 Nd4
81. Kd1 Bb5 82. Ke1 Bd3 83. Kd1 Bf5 84. Ke1 Bg6 85. Kd1 Bd3 86. Ke1 Bc4 87. Kd1
Nc6 88. Ke1 Nxb4 89. Kd1 Bb3+ 0-1

[Event "Lindores Abbey Tal Blitz 2021"]
[Site "Riga"]
[Date "2021.11.08"]
[Round "13.3"]
[White "Aronian, Levon"]
[Black "Martirosyan, Haik M."]
[Result "0-1"]
[WhiteElo "2782"]
[BlackElo "2624"]
[Annotator "TA"]
[PlyCount "109"]
[EventDate "2021.11.02"]
[EventType "swiss"]
[EventCountry "LAT"]
[SourceTitle "playchess.com"]
[Source "ChessBase"]
[SourceQuality "1"]

1. d4 Nf6 2. Bf4 c5 3. d5 d6 4. Nc3 a6 5. a4 g6 6. e4 Bg7 7. Nf3 Bg4 8. Be2
Bxf3 9. Bxf3 Nbd7 10. O-O O-O 11. Re1 Ne8 12. Be2 b6 13. Qd2 Nc7 14. Bh6 Rb8
15. Ra3 b5 16. Nd1 Nf6 17. Bf1 Re8 18. Bxg7 Kxg7 19. Rh3 h5 20. a5 e6 21. dxe6
Rxe6 22. Rhe3 Qe7 23. f3 Rd8 24. c4 b4 25. Rd3 Re5 26. Ne3 Ne6 27. Nd5 Nxd5 28.
cxd5 Nd4 29. Rxd4 cxd4 30. Qxd4 g5 31. Rc1 Kh8 32. Bxa6 Ra8 33. Rc6 f5 34. Bd3
fxe4 35. Bxe4 Rxa5 36. Qxb4 Ra1+ 37. Kf2 Kg7 38. Qxd6 Qxd6 39. Rxd6 Rd1 40. Ke3
Kf7 41. b4 Re7 42. Rh6 h4 43. b5 g4 44. Rh7+ Kf6 45. Rxe7 Kxe7 46. fxg4 Kf6 47.
Kf4 Rd2 48. g5+ Ke7 49. h3 Rb2 50. Ke5 Rxb5 51. g6 Rb6 52. Bf5 Rb2 53. d6+ Kf8
54. Kf6 Rxg2 55. d7 0-1

[Event "Lindores Abbey Tal Blitz 2021"]
[Site "Riga"]
[Date "2021.11.08"]
[Round "13.4"]
[White "Korobov, Anton"]
[Black "Adhiban, B.."]
[Result "1-0"]
[WhiteElo "2684"]
[BlackElo "2672"]
[Annotator "TA"]
[PlyCount "56"]
[EventDate "2021.11.02"]
[EventType "swiss"]
[EventCountry "LAT"]
[SourceTitle "playchess.com"]
[Source "ChessBase"]
[SourceQuality "1"]

1. d4 Nf6 2. c4 g6 3. Nc3 Bg7 4. e4 d6 5. Be2 O-O 6. Bg5 c5 7. d5 h6 8. Be3 e6
9. Nf3 exd5 10. cxd5 b5 11. e5 dxe5 12. Bxc5 e4 13. Nd4 Re8 14. Bxb5 Bg4 15.
Nde2 Nbd7 16. Be3 a6 17. Bc6 Ne5 18. O-O Nxc6 19. dxc6 Qc8 20. Qa4 Rb8 21. b3
Bxe2 22. Nxe2 Ng4 23. Rac1 Rb5 24. h3 Nf6 25. Rfd1 Nd5 26. Nd4 Rb4 27. Qa5 Re5
28. Rc5 Re7 1-0

[Event "Lindores Abbey Tal Blitz 2021"]
[Site "Riga"]
[Date "2021.11.08"]
[Round "13.5"]
[White "Paravyan, David"]
[Black "Svidler, Peter"]
[Result "0-1"]
[WhiteElo "2642"]
[BlackElo "2694"]
[Annotator "TA"]
[PlyCount "68"]
[EventDate "2021.11.02"]
[EventType "swiss"]
[EventCountry "LAT"]
[SourceTitle "playchess.com"]
[Source "ChessBase"]
[SourceQuality "1"]

1. e4 c5 2. Nf3 e6 3. d4 cxd4 4. Nxd4 a6 5. a3 Nf6 6. Nc3 Qc7 7. f4 d6 8. Be3
b5 9. g4 Bb7 10. Bg2 h6 11. O-O Nc6 12. g5 hxg5 13. fxg5 Nxd4 14. Bxd4 Nd7 15.
g6 fxg6 16. Qg4 O-O-O 17. Qxe6 d5 18. e5 Bc5 19. Bxc5 Qxc5+ 20. Kh1 Rde8 21.
Qg4 Rxe5 22. Rf7 Bc6 23. Ne2 Qd6 24. h3 d4 25. Nxd4 Bxg2+ 26. Kxg2 Qd5+ 27. Qf3
Qxd4 28. Qa8+ Kc7 29. Qxh8 Re2+ 30. Kf1 Rxc2 31. Rxd7+ Qxd7 32. Qf8 Qd3+ 33.
Kg1 Qg3+ 34. Kf1 Qg2+ 0-1

[Event "Lindores Abbey Tal Blitz 2021"]
[Site "Riga"]
[Date "2021.11.08"]
[Round "13.6"]
[White "Shevchenko, Kirill"]
[Black "Adly, Ahmed"]
[Result "1-0"]
[WhiteElo "2647"]
[BlackElo "2602"]
[Annotator "TA"]
[PlyCount "79"]
[EventDate "2021.11.02"]
[EventType "swiss"]
[EventCountry "LAT"]
[SourceTitle "playchess.com"]
[Source "ChessBase"]
[SourceQuality "1"]

1. e4 c6 2. d4 d5 3. exd5 cxd5 4. c4 Nf6 5. Nc3 Nc6 6. Nf3 e6 7. c5 Be7 8. a3
Ne4 9. Qc2 f5 10. b4 Bf6 11. Bb2 O-O 12. Rd1 Bd7 13. Be2 a6 14. O-O Kh8 15. Na4
Be8 16. Ne5 Nxe5 17. dxe5 Bxa4 18. Qxa4 Be7 19. f3 Ng5 20. Bd4 Qc7 21. Qb3 f4
22. Bd3 Nf7 23. Rfe1 Nh6 24. Rc1 g5 25. a4 g4 26. Bb1 Bh4 27. Rf1 Qg7 28. c6
Rac8 29. cxb7 Qxb7 30. fxg4 Rxc1 31. Rxc1 Nxg4 32. b5 Rc8 33. Rf1 Rc4 34. Qh3
Rxd4 35. Qxh4 Qb6 36. a5 Qc7 37. Qxg4 Qxe5 38. bxa6 Qe3+ 39. Kh1 Qf2 40. Rxf2
1-0

[Event "Lindores Abbey Tal Blitz 2021"]
[Site "Riga"]
[Date "2021.11.08"]
[Round "13.8"]
[White "Nihal Sarin"]
[Black "Mamedov, Rauf"]
[Result "1-0"]
[WhiteElo "2650"]
[BlackElo "2673"]
[Annotator "TA"]
[PlyCount "127"]
[EventDate "2021.11.02"]
[EventType "swiss"]
[EventCountry "LAT"]
[SourceTitle "playchess.com"]
[Source "ChessBase"]
[SourceQuality "1"]

1. Nf3 Nf6 2. c4 g6 3. b3 Bg7 4. Bb2 O-O 5. g3 d6 6. Bg2 e5 7. d3 Nc6 8. O-O
Re8 9. Nc3 Bf5 10. Nd2 Qd7 11. Nde4 Nxe4 12. dxe4 Bh3 13. Nd5 Bxg2 14. Kxg2 Ne7
15. Qd3 Nxd5 16. cxd5 a5 17. a4 Reb8 18. Rfc1 c5 19. dxc6 bxc6 20. Ba3 d5 21.
Rc2 Qe6 22. Rac1 dxe4 23. Qxe4 Qd5 24. Qxd5 cxd5 25. Bd6 Rd8 26. Bc7 Rd7 27.
Rc5 Bf8 28. Rc6 e4 29. Be5 f5 30. Rc7 Ra7 31. Rxa7 Rxa7 32. Rc8 Kf7 33. Rb8 Bb4
34. e3 g5 35. Rb6 Be7 36. Bd4 Ra8 37. Rh6 Kg8 38. Re6 Kf7 39. Re5 Rd8 40. Rxf5+
Kg6 41. g4 h5 42. h3 h4 43. f3 Rc8 44. fxe4 dxe4 45. Rxa5 Rc2+ 46. Kf1 Rc1+ 47.
Ke2 Rc2+ 48. Kd1 Rh2 49. Re5 Bb4 50. Rxe4 Rxh3 51. Re6+ Kf7 52. Rf6+ Ke8 53.
Rb6 Be7 54. Ke2 Rh1 55. Rh6 h3 56. Kf3 Kd7 57. Be5 Bb4 58. Ke4 Bd2 59. Rd6+ Ke7
60. Rxd2 Rg1 61. Kf5 Rf1+ 62. Kxg5 Ke6 63. Bf4 Rf2 64. Rxf2 1-0

[Event "Lindores Abbey Tal Blitz 2021"]
[Site "Riga"]
[Date "2021.11.08"]
[Round "13.9"]
[White "Navara, David"]
[Black "Oparin, Grigoriy"]
[Result "1-0"]
[WhiteElo "2699"]
[BlackElo "2659"]
[Annotator "ChessBase"]
[PlyCount "91"]
[EventDate "2021.11.02"]
[EventType "swiss"]
[EventCountry "LAT"]
[SourceTitle "playchess.com"]
[Source "ChessBase"]
[SourceQuality "1"]

1. e4 e5 2. Nf3 Nc6 3. Bb5 Nf6 4. d3 d6 5. c4 g6 6. Nc3 Bg7 7. h3 O-O 8. Be3
Be6 9. O-O Nd7 10. Ng5 h6 11. Nxe6 fxe6 12. c5 Kh7 13. Rc1 Qe7 14. Bxc6 bxc6
15. cxd6 cxd6 16. d4 exd4 17. Bxd4 e5 18. Be3 Nf6 19. b4 a6 20. Qb3 Rfd8 21.
Rfd1 Qb7 22. a3 d5 23. exd5 cxd5 24. Na4 d4 25. Bd2 Qe7 26. Nc5 Rd6 27. f3 Re8
28. Qd3 Qf7 29. Re1 Nd5 30. Ne4 Rd7 31. Qxa6 Red8 32. Rc6 d3 33. Qc4 Qf8 34. a4
Nf4 35. a5 Ne2+ 36. Kh2 Rd4 37. Qc5 Qf5 38. Rc7 R8d7 39. a6 R4d5 40. Rxd7 Rxd7
41. a7 Rd8 42. b5 Nd4 43. b6 Nxf3+ 44. gxf3 Qxf3 45. Qf2 Qh5 46. b7 1-0

[Event "Lindores Abbey Tal Blitz 2021"]
[Site "Riga"]
[Date "2021.11.08"]
[Round "13.11"]
[White "Pichot, Alan"]
[Black "Matlakov, Maxim"]
[Result "1/2-1/2"]
[WhiteElo "2630"]
[BlackElo "2691"]
[Annotator "TA"]
[PlyCount "65"]
[EventDate "2021.11.02"]
[EventType "swiss"]
[EventCountry "LAT"]
[SourceTitle "playchess.com"]
[Source "ChessBase"]
[SourceQuality "1"]

1. e4 e5 2. Nf3 Nc6 3. Bb5 a6 4. Ba4 Nf6 5. O-O Be7 6. Re1 b5 7. Bb3 d6 8. c3
O-O 9. d3 Re8 10. Nbd2 h6 11. Nf1 Bf8 12. Ng3 a5 13. a4 b4 14. h3 Rb8 15. d4
bxc3 16. bxc3 exd4 17. cxd4 Nb4 18. Bf4 Ba6 19. Re3 d5 20. e5 Ne4 21. Nxe4 dxe4
22. Rxe4 Bb7 23. d5 Bxd5 24. Rd4 Bxb3 25. Qxb3 Qe7 26. Qc4 Qe6 27. Rc1 c5 28.
Rd2 Red8 29. Qxe6 fxe6 30. Be3 Rxd2 31. Nxd2 Nd3 32. Rc3 Nxe5 33. Bxc5 1/2-1/2

[Event "Lindores Abbey Tal Blitz 2021"]
[Site "Riga"]
[Date "2021.11.08"]
[Round "13.12"]
[White "Grandelius, Nils"]
[Black "Esipenko, Andrey"]
[Result "1/2-1/2"]
[WhiteElo "2669"]
[BlackElo "2713"]
[Annotator "TA"]
[PlyCount "95"]
[EventDate "2021.11.02"]
[EventType "swiss"]
[EventCountry "LAT"]
[SourceTitle "playchess.com"]
[Source "ChessBase"]
[SourceQuality "1"]

1. e4 e5 2. Nf3 Nc6 3. Bb5 Bc5 4. c3 Nf6 5. O-O O-O 6. d3 d5 7. exd5 Qxd5 8.
Bc4 Qd8 9. Bg5 e4 10. dxe4 Qxd1 11. Rxd1 Nxe4 12. Bh4 Bg4 13. Nbd2 Rfe8 14.
Nxe4 Rxe4 15. Bxf7+ Kf8 16. Ng5 Re5 17. Rd5 h6 18. Rxe5 Nxe5 19. Ne6+ Kxf7 20.
Nxc5 b6 21. Bg3 Nc4 22. b3 Nb2 23. Ne4 Bf5 24. f3 Nd3 25. Rd1 Bxe4 26. fxe4 Nc5
27. Bxc7 Rc8 28. Be5 g5 29. c4 Ke6 30. Bg7 Nxe4 31. Re1 Kf5 32. g4+ Kf4 33.
Bxh6 Rd8 34. Re2 Kf3 35. Re1 Rd2 36. Rf1+ Kxg4 37. Bg7 Rxa2 38. Re1 Nd2 39. Re2
Nf3+ 40. Kf2 Rxe2+ 41. Kxe2 Nxh2 42. b4 Kf5 43. c5 Ke6 44. cxb6 axb6 45. Kd3
Kd5 46. Bh6 g4 47. Ke3 g3 48. Bf4 1/2-1/2

[Event "Lindores Abbey Tal Blitz 2021"]
[Site "Riga"]
[Date "2021.11.08"]
[Round "13.13"]
[White "Movsesian, Sergei"]
[Black "Predke, Alexandr"]
[Result "1-0"]
[WhiteElo "2618"]
[BlackElo "2668"]
[Annotator "TA"]
[PlyCount "69"]
[EventDate "2021.11.02"]
[EventType "swiss"]
[EventCountry "LAT"]
[SourceTitle "playchess.com"]
[Source "ChessBase"]
[SourceQuality "1"]

1. e4 e5 2. Nf3 Nc6 3. Bc4 Bc5 4. d3 Nf6 5. a4 a5 6. Be3 Bxe3 7. fxe3 d6 8. Nc3
O-O 9. Qe2 Be6 10. O-O-O Nb4 11. Kb1 c6 12. Bxe6 fxe6 13. d4 exd4 14. exd4 d5
15. exd5 exd5 16. Qe6+ Kh8 17. Ne5 Qe8 18. Qd6 Rd8 19. Qc7 Nd7 20. Qxa5 Nxe5
21. dxe5 Qe7 22. Rhf1 Ra8 23. Qb6 h6 24. e6 Na6 25. Rfe1 Nc5 26. Qb4 b6 27.
Qxb6 Nxa4 28. Nxa4 Rxa4 29. Qxc6 Qa7 30. b3 Ra1+ 31. Kb2 Ra2+ 32. Kc3 Qa5+ 33.
Kd3 Rf2 34. e7 Raxc2 35. e8=Q+ 1-0

[Event "Lindores Abbey Tal Blitz 2021"]
[Site "Riga"]
[Date "2021.11.08"]
[Round "13.14"]
[White "Deac, Bogdan-Daniel"]
[Black "Durarbayli, Vasif"]
[Result "1-0"]
[WhiteElo "2651"]
[BlackElo "2629"]
[Annotator "TA"]
[PlyCount "95"]
[EventDate "2021.11.02"]
[EventType "swiss"]
[EventCountry "LAT"]
[SourceTitle "playchess.com"]
[Source "ChessBase"]
[SourceQuality "1"]

1. e4 c5 2. Nf3 d6 3. Bb5+ Bd7 4. c4 Nc6 5. d4 cxd4 6. Nxd4 Nf6 7. Nc3 Rc8 8.
O-O e6 9. Be3 Be7 10. Bxc6 Bxc6 11. Ndb5 Nxe4 12. Nxe4 Bxe4 13. Qd4 Bg6 14.
Qxa7 Rxc4 15. Rfc1 Rxc1+ 16. Rxc1 O-O 17. Qxb7 Bg5 18. Qc7 Bxe3 19. Qxd8 Rxd8
20. fxe3 Kf8 21. a4 Bd3 22. Na3 Rb8 23. Rc3 Ba6 24. b3 Ke7 25. Nc2 Kd7 26. b4
Be2 27. b5 Bd1 28. Kf2 Ra8 29. b6 Bxc2 30. Rxc2 Rxa4 31. Rc7+ Kd8 32. Rxf7 Kc8
33. Rxg7 Rh4 34. Kg3 Rh6 35. e4 d5 36. exd5 exd5 37. b7+ Kb8 38. Rd7 d4 39. h4
d3 40. Kh3 Rg6 41. Rxd3 Rg7 42. Rc3 Kxb7 43. g4 Rd7 44. g5 Rd4 45. Rf3 Rd7 46.
Kg4 Kc6 47. Kh5 Kd5 48. Rd3+ 1-0

[Event "Lindores Abbey Tal Blitz 2021"]
[Site "Riga"]
[Date "2021.11.08"]
[Round "13.15"]
[White "Ivic, Velimir"]
[Black "Jobava, Baadur"]
[Result "0-1"]
[WhiteElo "2620"]
[BlackElo "2582"]
[Annotator "TA"]
[PlyCount "83"]
[EventDate "2021.11.02"]
[EventType "swiss"]
[EventCountry "LAT"]
[SourceTitle "playchess.com"]
[Source "ChessBase"]
[SourceQuality "1"]

1. e4 e6 2. d4 d5 3. Nc3 dxe4 4. Nxe4 Bd7 5. Nf3 Bc6 6. Bd3 Nd7 7. c3 Ngf6 8.
Nxf6+ Nxf6 9. O-O Bd6 10. Re1 O-O 11. Ne5 Be8 12. Bg5 h6 13. Bh4 Be7 14. Qf3 c6
15. Rad1 Qd5 16. Qe2 Qxa2 17. Bb1 Qd5 18. Qd3 g6 19. Ng4 Qd8 20. Nxh6+ Kg7 21.
Bg5 Rh8 22. Qd2 c5 23. h4 cxd4 24. cxd4 a5 25. d5 Ra6 26. Qc3 Bb4 27. Qe5 Bd6
28. Qc3 Bb4 29. Qf3 exd5 30. Ng4 Bxe1 31. Rxe1 Bd7 32. Nxf6 Rxf6 33. Qc3 Qb6
34. Be3 Qb4 35. Qxb4 axb4 36. Bd4 Rxh4 37. Rd1 Rxd4 38. Rxd4 Rc6 39. Bd3 Rc1+
40. Kh2 Rd1 41. Rxd5 Bc6 42. Rd4 0-1

[Event "Lindores Abbey Tal Blitz 2021"]
[Site "Riga"]
[Date "2021.11.08"]
[Round "13.16"]
[White "Fedoseev, Vladimir"]
[Black "Kovalenko, Igor"]
[Result "1-0"]
[WhiteElo "2704"]
[BlackElo "2668"]
[Annotator "TA"]
[PlyCount "63"]
[EventDate "2021.11.02"]
[EventType "swiss"]
[EventCountry "LAT"]
[SourceTitle "playchess.com"]
[Source "ChessBase"]
[SourceQuality "1"]

1. g3 d5 2. Bg2 c6 3. Nf3 Bg4 4. d3 Nd7 5. h3 Bh5 6. Bf4 Bxf3 7. exf3 e5 8. Qe2
Bd6 9. Bxe5 Bxe5 10. f4 Qb6 11. c3 O-O-O 12. fxe5 Nxe5 13. Qxe5 Qxb2 14. O-O
Nf6 15. h4 Qxa1 16. Bh3+ Nd7 17. Nd2 Qxa2 18. Nf3 Rhe8 19. Qxg7 Kc7 20. Ng5 Ne5
21. d4 Nc4 22. Nxf7 Kb6 23. Nxd8 Rxd8 24. Qe7 Ra8 25. Bf5 Nd2 26. Rd1 a5 27.
Qe2 Rf8 28. Rxd2 Qa1+ 29. Rd1 Qxc3 30. Rb1+ Ka7 31. Qe7 Rb8 32. Bc8 1-0

[Event "Lindores Abbey Tal Blitz 2021"]
[Site "Riga"]
[Date "2021.11.08"]
[Round "13.17"]
[White "Kovalev, Vladislav"]
[Black "Sarana, Alexey"]
[Result "1-0"]
[WhiteElo "2634"]
[BlackElo "2656"]
[Annotator "TA"]
[PlyCount "121"]
[EventDate "2021.11.02"]
[EventType "swiss"]
[EventCountry "LAT"]
[SourceTitle "playchess.com"]
[Source "ChessBase"]
[SourceQuality "1"]

1. e4 c5 2. Nf3 d6 3. Bb5+ Bd7 4. Bxd7+ Nxd7 5. O-O e6 6. c3 Ngf6 7. Qe2 Be7 8.
Rd1 O-O 9. d4 cxd4 10. cxd4 b5 11. e5 dxe5 12. dxe5 Nd5 13. Qxb5 Qc7 14. Qe2
Rfc8 15. Nbd2 Rab8 16. Nf1 N7b6 17. Ne3 a5 18. Bd2 Nxe3 19. Bxe3 Nd5 20. Rac1
Qb7 21. Rxc8+ Rxc8 22. Bd4 a4 23. g3 h6 24. Kg2 Bb4 25. h4 a3 26. bxa3 Bxa3 27.
Qd3 Be7 28. a4 Ra8 29. Qb5 Qc7 30. Ra1 Ra5 31. Qe8+ Bf8 32. Rb1 Qe7 33. Rb8
Qxe8 34. Rxe8 f6 35. exf6 gxf6 36. Rxe6 Kf7 37. Re2 Rxa4 38. Be3 h5 39. Bd2 Bd6
40. Be3 Re4 41. Nd2 Re8 42. Kf3 Rc8 43. Ne4 Be5 44. Rd2 Ne7 45. Rd7 Ke6 46.
Nc5+ Rxc5 47. Rxe7+ Kxe7 48. Bxc5+ Ke6 49. g4 hxg4+ 50. Kxg4 f5+ 51. Kh5 Bf6
52. Be3 Kf7 53. Bf4 Bd4 54. f3 Bf6 55. Bg5 Bg7 56. Bd8 Be5 57. Kg5 Ke6 58. Kg6
Bf4 59. h5 Kd7 60. Bg5 Be5 61. Bf6 1-0

[Event "Lindores Abbey Tal Blitz 2021"]
[Site "Riga"]
[Date "2021.11.08"]
[Round "13.18"]
[White "Zvjaginsev, Vadim"]
[Black "Anton Guijarro, David"]
[Result "1/2-1/2"]
[WhiteElo "2609"]
[BlackElo "2669"]
[Annotator "TA"]
[PlyCount "39"]
[EventDate "2021.11.02"]
[EventType "swiss"]
[EventCountry "LAT"]
[SourceTitle "playchess.com"]
[Source "ChessBase"]
[SourceQuality "1"]

1. c4 e5 2. Nc3 Nc6 3. Nf3 Nf6 4. a3 d5 5. cxd5 Nxd5 6. Qc2 Nxc3 7. dxc3 Bd6 8.
e4 O-O 9. Bc4 Qe7 10. O-O Be6 11. Bxe6 Qxe6 12. Be3 Na5 13. Nd2 Rfd8 14. Rfd1
h6 15. b4 Nc4 16. Nxc4 Qxc4 17. Qd3 Qxd3 18. Rxd3 a5 19. Rad1 axb4 20. cxb4
1/2-1/2

[Event "Lindores Abbey Tal Blitz 2021"]
[Site "Riga"]
[Date "2021.11.08"]
[Round "13.19"]
[White "Henriquez Villagra, Cristobal"]
[Black "Hovhannisyan, Robert"]
[Result "0-1"]
[WhiteElo "2608"]
[BlackElo "2622"]
[Annotator "TA"]
[PlyCount "144"]
[EventDate "2021.11.02"]
[EventType "swiss"]
[EventCountry "LAT"]
[SourceTitle "playchess.com"]
[Source "ChessBase"]
[SourceQuality "1"]

1. d4 d5 2. Bf4 Nf6 3. Nf3 c5 4. e3 Nc6 5. Nbd2 Bg4 6. c3 e6 7. Qa4 Nd7 8. Rd1
Be7 9. h3 Bh5 10. Be2 O-O 11. O-O a6 12. Qc2 Rc8 13. Bd3 Bg6 14. Bxg6 hxg6 15.
Qd3 b5 16. Rfe1 cxd4 17. exd4 Nb6 18. b3 Nd7 19. Re2 Qa5 20. Nf1 Nf6 21. Ng3
Rfd8 22. h4 Bd6 23. Bxd6 Rxd6 24. Ng5 Ne7 25. Rc1 Rdc6 26. Rec2 Qa3 27. Qf3 Nf5
28. h5 Nxd4 29. cxd4 Rxc2 30. Rf1 Rc1 31. hxg6 Rxf1+ 32. Nxf1 fxg6 33. Nxe6 Rc1
34. Qg3 Rxf1+ 35. Kxf1 Qc1+ 36. Ke2 Qc2+ 37. Ke1 Qb1+ 38. Ke2 Qxa2+ 39. Ke1
Qb1+ 40. Ke2 Qc2+ 41. Ke1 Qe4+ 42. Qe3 Qb1+ 43. Ke2 Qc2+ 44. Ke1 Ne4 45. Nc5
Qb1+ 46. Ke2 Qc2+ 47. Ke1 a5 48. f3 Qb1+ 49. Ke2 Qb2+ 50. Ke1 Qa1+ 51. Ke2 Qa2+
52. Ke1 Nxc5 53. dxc5 Qb1+ 54. Kf2 Qc2+ 55. Kg3 a4 56. bxa4 bxa4 57. Qe6+ Kh7
58. c6 Qc1 59. Qh3+ Kg8 60. Qc8+ Kh7 61. c7 Qg5+ 62. Kh2 Qe5+ 63. Kh1 Qe1+ 64.
Kh2 Qe5+ 65. g3 Qe2+ 66. Kh3 a3 67. Qd8 Qf1+ 68. Kg4 Qc4+ 69. Kh3 a2 70. c8=Q
Qxc8+ 71. Qxc8 a1=Q 72. Qd8 Qe5 0-1